LEADER 01580nam0 22003731i 450 001 990004734950403321 005 20160914152330.0 035 $a000473495 035 $aFED01000473495 035 $a(Aleph)000473495FED01 035 $a000473495 100 $a19990604g19719999km-y0itay50------ba 101 0 $afre 102 $aFR 105 $aa-------101yy 200 1 $a<>Expressionisme dans le théâtre européen$ecolloque organisé par le Centre d'études germaniques de l'Université de Strasbourg et l'Equipe de recherches théâtrales et musicologiques du CNRS (Strasbourg 27 nov.-1 déc. 1968)$fétudes de L. Grodecki ... [et al.]$gréunies et présentées par Denis Bablet et Jean Jacquot 210 $aParis$cEd. du Centre National de la Recherche Scientifique$d1971 215 $a407 p.$cill.$d28 cm 610 0 $aTeatro espressionista$aCongressi$aStrasburgo$a1968 676 $a792 702 1$aGrodecki,$bLouis$f<1910-1982> 702 1$aBablet,$bDenis 702 1$aJacquot,$bJean$f<1909-1983> 710 12$aColloque L'Expressionisme dans le theatre europeen$f<1968 ;$eStrasburgo>$0748372 712 02$aCNRS$bEquipe de recherches théâtrales et musicologiques$9 712 02$aUniversité de Strasbourg.$bCentre d'études germaniques 801 0$aIT$bUNINA$gRICA$2UNIMARC 901 $aBK 912 $a990004734950403321 952 $aSA 713$bFil. Mod. 2229$fFLFBC 952 $aSA 713 BIS$fFLFBC 959 $aFLFBC 996 $aExpressionisme dans le théâtre européen$91496707 997 $aUNINA LEADER 02606nam 22006615 450 001 996308758103316 005 20190906095518.0 010 $a3-11-088048-2 024 7 $a10.1515/9783110880489 035 $a(CKB)3390000000033977 035 $a(SSID)ssj0000849531 035 $a(PQKBManifestationID)11494515 035 $a(PQKBTitleCode)TC0000849531 035 $a(PQKBWorkID)10812681 035 $a(PQKB)10831212 035 $a(MiAaPQ)EBC3044152 035 $a(DE-B1597)52778 035 $a(OCoLC)1013947147 035 $a(OCoLC)853269330 035 $a(DE-B1597)9783110880489 035 $a(EXLCZ)993390000000033977 100 $a20190906d2013 fg 101 0 $ager 135 $aurcnu|||||||| 181 $ctxt 182 $cc 183 $acr 200 00$aVerfassungstreue und Schutz der Verfassung. Der öffentliche Dienst im Staat der Gegenwart $eBerichte und Diskussionen auf der Tagung der Vereinigung der Deutschen Staatsrechtslehrer in Bonn vom 4. - 7. Oktober 1978 205 $aReprint 2012 210 1$aBerlin ;$aBoston : $cDe Gruyter, $d[2013] 210 4$d©1979 215 $a1 online resource (350 pages) 225 0 $aVeröffentlichungen der Vereinigung der Deutschen Staatsrechtslehrer ;$v37 300 $a"Berichte und Diskussionen auf der Tagung der Vereinigung der Deutschen Staatsrechtslehrer in Bonn vom 4.-7. Oktober 1978." 311 $a3-11-178282-4 311 $a3-11-008025-7 320 $aIncludes bibliographical references and index. 327 $tFrontmatter -- $tInhalt -- $tJahrestagung 1978 -- $tErster Beratungsgegenstand: Verfassungstreue und Schutz der Verfassung -- $tZweiter Beratungsgegenstand: Der öffentliche Dienst im Staat der Gegenwart -- $tVerzeichnis der Redner -- $tVerzeichnis der Mitglieder der Vereinigung der Deutschen Staatsrechtslehrer -- $tSatzung 606 $aCivil service$zGermany (West) 606 $aCivil service 606 $aConstitutional law$zGermany (West) 606 $aConstitutional law 608 $aElectronic books. 615 0$aCivil service 615 0$aCivil service. 615 0$aConstitutional law 615 0$aConstitutional law. 676 $a342/.43/068 701 $aDenninger$b Erhard$0230225 701 $aKlein$b Hans Hugo$0267189 701 $aRudolf$b Walter$0405272 701 $aWagener$b Frido$0502426 801 0$bDE-B1597 801 1$bDE-B1597 906 $aBOOK 912 $a996308758103316 996 $aVerfassungstreue und Schutz der Verfassung. Der öffentliche Dienst im Staat der Gegenwart$92256118 997 $aUNISA LEADER 01840oam 2200541 450 001 9910712067303321 005 20190329141119.0 035 $a(CKB)5470000002489427 035 $a(OCoLC)1048000084 035 $a(EXLCZ)995470000002489427 100 $a20180807d1958 ua 0 101 0 $aeng 135 $aur||||||||||| 181 $ctxt$2rdacontent 182 $cc$2rdamedia 183 $acr$2rdacarrier 200 10$aSurface water supply of the United States, 1956$hPart 1-A$iNorth Atlantic slope basins, Maine to Connecticut /$fprepared under the direction of J.V.B. Wells 210 1$a[Washington, D.C.] :$cUnited States Department of the Interior, Geological Survey,$d1958. 215 $a1 online resource (viii, 257 pages) $cillustrations, maps 225 1 $aGeological Survey water-supply paper ;$v1431 300 $a"Prepared in cooperation with the States of Connecticut, Maine, Massachusetts, New Hampshire, Rhode Island, and Vermont, and with other agencies." 300 $aIncludes index. 606 $aWater-supply$zNortheastern States 606 $aWater quality$zNortheastern States 606 $aWater quality$2fast 606 $aWater-supply$2fast 607 $aNortheastern States$2fast 615 0$aWater-supply 615 0$aWater quality 615 7$aWater quality. 615 7$aWater-supply. 700 $aWells$b J. V. B.$01385991 712 02$aGeological Survey (U.S.), 712 02$aConnecticut. 712 02$aMaine. 712 02$aMassachusetts. 712 02$aNew Hampshire. 712 02$aRhode Island. 712 02$aVermont. 801 0$bCOP 801 1$bCOP 801 2$bOCLCO 801 2$bOCLCF 801 2$bGPO 906 $aBOOK 912 $a9910712067303321 996 $aSurface water supply of the United States, 1956$93440006 997 $aUNINA